Logo BPK

Biblioteka

Politechniki Koszalińskiej

Elektrofizjologiczne aspekty wpływu niektórych czynników środowiska na rośliny / (Rekord nr 22300)

Szczegóły MARC
000 -ETYKIETA REKORDU
podpole kontrolne o stałej długości 00366nam a2200133 i 4500
001 - NUMER KONTROLNY REKORDU
pole kontrolne bg
040 ## - ŹRÓDŁO KATALOGOWANIA
Instytucja, która utworzyła rekord BPK
041 ## - KOD JĘZYKA
Kod języka tekstu pol
008 - POLE O STAŁEJ DŁUGOŚCI - DANE KONTROLNE
podpole kontrolne o stałej długości s pl f |000 0 pol
100 1# - NAZWA OSOBOWA
Nazwa osobowa ŚPIEWLA, EDWARD
245 #0 - TYTUŁ/ODPOWIEDZIALNOŚĆ
Tytuł Elektrofizjologiczne aspekty wpływu niektórych czynników środowiska na rośliny /
Pozostałe elementy strefy tytułu i oznaczenia odpowiedzialności Edward Śpiewla.
260 ## - STREFA ADRESU WYDAWNICZEGO
Miejsce wydania Lublin,
Data publikacji, dystrybucji/powstania dokumentu 1983.
856 ## - LOKALIZACJA I DOSTĘP DO ELEKTRONICZNYCH DOKUMENTÓW ZDALNYCH
Link (URL) http://koha.tu.koszalin.pl/cgi-bin/koha/opac-detail.pl?biblionumber=22300
Tekst linku Katalog online BPK
942 ## - DODATKOWE ELEMENTY (KOHA)
Typ dokumentu Książka
Egzemplarze
Wycofany Status egzemplarza Uszkodzony Dostępność Lokalizacja stała Lokalizacja bieżąca Miejsce przechowywania Sygnatura Kod kreskowy Typ dokumentu
      Dostępny Biblioteka Politechniki Koszalińskiej Biblioteka Politechniki Koszalińskiej Wypożyczalnia BG 31302 01574852 Książka
© 2023 Biblioteka Politechniki Koszalińskiej :: KOHA